Construction Law Journal (Record no. 118646)
[ view plain ]
| 000 -LEADER | |
|---|---|
| fixed length control field | 00640cas a22002055a 4500 |
| 001 - CONTROL NUMBER | |
| control field | ##L99083 |
| 008 - FIXED-LENGTH DATA ELEMENTS--GENERAL INFORMATION | |
| fixed length control field | 070717c1984 xxkbr p 0 a0eng |
| 022 1# - INTERNATIONAL STANDARD SERIAL NUMBER | |
| International Standard Serial Number | 0267-2359 |
| 035 ## - SYSTEM CONTROL NUMBER | |
| System control number | (Sirsi) u99083 |
| 041 0# - LANGUAGE CODE | |
| Language code of text/sound track or separate title | eng |
| 245 00 - TITLE STATEMENT | |
| Title | Construction Law Journal |
| 260 30 - PUBLICATION, DISTRIBUTION, ETC. | |
| Place of publication, distribution, etc. | London |
| Name of publisher, distributor, etc. | Sweet and Maxwell |
| Date of publication, distribution, etc. | 1984- |
| 362 ## - DATES OF PUBLICATION AND/OR SEQUENTIAL DESIGNATION | |
| Dates of publication and/or sequential designation | London: 1(1) 1984/5- |
| 362 0# - DATES OF PUBLICATION AND/OR SEQUENTIAL DESIGNATION | |
| Dates of publication and/or sequential designation | Edinburgh: 13 1997-18 2002 |
| 651 #4 - SUBJECT ADDED ENTRY--GEOGRAPHIC NAME | |
| Geographic name | United Kingdom |
| 690 ## - LOCAL SUBJECT ADDED ENTRY--TOPICAL TERM (OCLC, RLIN) | |
| Topical term or geographic name as entry element | BUILT ENVIRONMENT |
| 856 ## - ELECTRONIC LOCATION AND ACCESS | |
| Uniform Resource Identifier | <a href="https://www.rics.org/profession-standards/knowledge-and-information-services/kis-legal-resources">https://www.rics.org/profession-standards/knowledge-and-information-services/kis-legal-resources</a> |
| Public note | Legal resources for RICS members |
| 942 ## - ADDED ENTRY ELEMENTS (KOHA) | |
| Suppress in OPAC | 0 |
| Source of classification or shelving scheme | Dewey Decimal Classification |
| 948 ## - LOCAL PROCESSING INFORMATION (OCLC); SERIES PART DESIGNATOR (RLIN) | |
| c (OCLC) | 04/02/1994 |
| Withdrawn status | Lost status | Source of classification or shelving scheme | Damaged status | Not for loan | Home library | Current library | Shelving location | Date acquired | Total Checkouts | Full call number | Barcode | Date last seen | Price effective from | Koha item type | Public note |
|---|---|---|---|---|---|---|---|---|---|---|---|---|---|---|---|
| Dewey Decimal Classification | London | London | Gallery | 28/07/2004 | CONSTRUCTION LAW JOURNAL | 99083-1001 | 06/08/2019 | 06/08/2019 | Journal | ||||||
| Dewey Decimal Classification | Virtual | Virtual | Online | 21/06/2023 | ONLINE JOURNAL via Westlaw | 21/06/2023 | 21/06/2023 | Journal | Librarian can supply articles from this resource if part of wider research |